000 00302nam a22001337a 4500
008 181015b xxu||||| |||| 00| 0 eng d
020 _a0805393153
041 _aeng
080 _22nd
_a579
100 _a11
101 _aMIK
245 _aMicrobiology An Introduction
_cTortora,G.J
942 _2udc
_cBK
999 _c49700
_d49700